000 00586nam a2200193 a 4500
001 000033078
003 OSt
005 20201105144547.0
008 110809s1940 dr r 000 0 spa d
040 _aDO-SdBNP
_bspa
_cBNPHU
082 7 4 _aRD861.42
_bR696d
_222
100 1 _a Fersola Rodríguez, N.
_958762
245 1 0 _aDios, libertad y poesía /
_cH. Fersola Rodríguez.
260 _aSantiago, República Dominicana :
_bImprenta Vila Morel,
_c1940.
300 _a19 p. ;
_c21 cm.
590 _aInventariado, 2018/BT
910 _aValidado. Control de calidad MFF
942 _2ddc
_cLBS1
999 _c32569
_d32569